000 00646nam a2200241Ia 4500
003 OSt
005 20221005065941.0
006 a|||||r|||| 00| 0
007 ta
008 221004b |||||||| |||| 00| 0 mar d
024 _a40255
037 _cTextual
040 _aCRL
_cCRL
_bmar
041 _2mar
_amar
082 _aO155,2M85,1:g, F7
100 _aDharpur Vaman hari
_9605152
245 0 _aBhavbandan natkavril
260 _aMumbai
_bIndia
_c1952
300 _a79p.
_ccm.
650 _aMARATHI LITERATURE
_938000
942 _hO155,2M85,1:g, F7
_cTEXL
_2cc
999 _c975448
_d975448